Máximos goleadores de la Ligue 1 2019-2020 - Estadísticas

Estadísticas generales
  • Esta prueba ha sido intentada 20 veces
  • La puntuación promedio es 5 de 11
Estadísticas de respuestas
Goles Nacionalidad Equipo Jugador % Correcto
18 Francia París Saint-Germain Kylian Mbappé
100%
13 Brasil París Saint-Germain Neymar
89%
18 Francia AS Mónaco Wissam Ben Yedder
84%
13 Nigeria Lille OSC Victor Osimhen
68%
12 Argentina París Saint-Germain Mauro Icardi
53%
11 Dinamarca OGC Niza Kasper Dolberg
32%
16 Francia Olympique de Lyon Moussa Dembélé
32%
11 Argentina Olympique de Marsella Darío Benedetto
26%
10 Gabón Saint-Étienne Denis Bouanga
16%
12 Senegal FC Metz Habib Diallo
16%
10 Senegal Stade Rennais FC M’Baye Niang
5%
No se encontraron pruebas coincidentes
Distribución de puntuación
Porcentaje de gente con cada puntuación
Porcentaje por número respondido
Historial de tus puntuaciones
No has intentado esta prueba.